| 000 | 01867cam a22003854a 4500 | ||
|---|---|---|---|
| 001 | 8342 | ||
| 003 | FISKH | ||
| 005 | 20250909160936.0 | ||
| 008 | 100707s2009 xnaab jr 000 1 eng | ||
| 010 | _a 2010474147 | ||
| 020 |
_a9781741758849 _qhbk |
||
| 020 |
_a174175884X _qhbk |
||
| 035 | _a16318650 | ||
| 040 |
_aDLC _cDLC _dDLC _beng |
||
| 050 | _aPZ7.H26796 T | ||
| 082 | _a823.3 | ||
| 100 | 1 | _aHarvey, Roland. | |
| 245 | 1 | 0 |
_aTo the top end : _bour trip across Australia / _cRoland Harvey. |
| 250 | _aThis paperback edition published in 2012 | ||
| 260 |
_aCrows Nest : _bAllen & Unwin, _c2009. |
||
| 300 |
_a28 unnumbered pages : _bcolor illustrations ; _c26 cm |
||
| 500 | _aMaps on endpapers. | ||
| 505 | _aJ | ||
| 520 | _a"Henry, Penny, Frankie, Mum and Dad embark on their most exciting adventure yet - from Tassie to the very tip of the Top End. Travel with them on the ferry across Bass Strait to the mainland, through Kelly country, along the Murray, into the Flinders Ranges, underground at Coober Pedy, overhead at the Olgas, overland to the Great Sandy Desert, with the fishes at the Great Barrier Reef, deep into the Daintree, out to the islands, kayaking at Kakadu and finally frolicking on the beach at the very top."--Publisher description. | ||
| 521 |
_a500
_bLexile estimate |
||
| 521 |
_aJ
_bRaz-Plus |
||
| 650 | 0 |
_aChildren's stories _vPictorial works. |
|
| 651 | 0 |
_aAustralia _xDescription and travel _vPictorial works _vJuvenile fiction. |
|
| 655 | 7 |
_aIllustrated works. _2lcgft _0https://id.loc.gov/authorities/genreForms/gf2014026111 |
|
| 655 | 7 |
_aIllustrated works. _2lcgft _0https://id.loc.gov/authorities/genreForms/gf2014026111 |
|
| 655 | 7 |
_aFiction. _2lcgft _0https://id.loc.gov/authorities/genreForms/gf2014026339 |
|
| 906 |
_a7 _bcbc _corigres _d3 _encip _f20 _gy-gencatlg |
||
| 942 |
_2ddc _cBK _n0 |
||
| 999 |
_c8342 _d8342 |
||